000 00364nam a2200097Ia 4500
008 160725s9999 xx 000 0 und d
100 _aTomas, Grace Fe C.
245 _a(2013, March). Assessment and evaluation of learning. Kaizen Research Journal College of Nursing, 2, 35-47.
260 _bKaizen Research Journal College of Nursing
_cMarch 2013
650 _aNURSING
999 _c298031
_d298031